00353nam a2200133Ia 4500008004100000041000800041082001700049100002600066245004600092260003100138300000800169365001600177700002600193230719s9999 xx 000 0 und d aeng a428.3'4bLAK aLakshminarayanan K.R. aAdvanced English Communication Skills Lab c2009bScitech Publications a358 cRs.b125.00 aLakshminarayanan K.R.